000 00383 a2200169 4500
001 119440
020 _a9780070864726
040 _cEscola Canadense de Niteroi
090 _aTeachers
100 _aLois Edwards
245 1 0 _aScience Focus 8: Science, Technology, Society
260 _aCanada
362 0 _a2001
490 0 _aScience Focus
650 4 _aScience
942 _cBK
999 _c119440
_d119440